000
00246nam a2200085Ia 4500
008
170620s9999 xx 000 0 und d
100
_a
Bala- Jampala Madhu
245
0
_a
Adjustment Problems of Hearing Impaired
260
_b
New Delhi- Discovery Publishing House
260
_c
2006
999
_c
24279
_d
24279